| 000 | 00739 a2200217 4500 | ||
|---|---|---|---|
| 003 | OSt | ||
| 005 | 20180116182833.0 | ||
| 008 | 160503b xxu||||| |||| 00| 0 eng d | ||
| 020 | _a9221101665 (hardcover) | ||
| 020 | _a9789221101666 (hardcover) | ||
| 040 | _c0 | ||
| 082 | 0 | 4 | _a658.4013 PRO 1996 |
| 100 | _aJoseph Prokopenko, Klaus North. | ||
| 245 | 1 | 0 |
_aProductivity and Quality Management : _ba modular programme / _cJoseph Prokopenko, Klaus North. |
| 260 |
_a[S.l.] : _bInternational Labour Org, _c1999. |
||
| 300 | _a1 v. (unpaged) | ||
| 700 | 1 | _aProkopenko, Joseph. | |
| 700 | 1 | _aNorth, Klaus. | |
| 856 | 4 | 0 |
_3Amazon.com _uhttp://www.amazon.com/exec/obidos/ASIN/9221101665/chopaconline-20 |
| 942 |
_aNBS _cBK _k658.4013 PRO _2ddc |
||
| 999 |
_c346940 _d346940 |
||